000 00468nam a2200157Ia 4500
008 220216s9999 xx 000 0 und d
100 _aJohn K P
245 0 _aEffect of inoculum size and age of trees on root disease infection of Hevea brasiliensis
260 _bJournal of the Rubber Research Institute of Malaya
_c1966
300 _a226-230
650 _aAge
650 _aHevea brasiliensis
650 _aInoculum size
650 _aRoot disease
942 _cJS
999 _c57901
_d57901